000 02117cam a2200577 a 4500
001 21245
003 VRT
005 20260225111116.0
008 240318s2017 xo af ar 000 p slo
015 _aSNBA2017/04
020 _a9788055151519
_q(viaz.)
035 _aurn:nbn:sk:snk-am00cwmo
035 _aurn:nbn:sk:snk-am3hn2y
035 _a4C8D8A7C-1117-4CD5-94FB-7C2037560AED
039 9 _a202512100838
_bmsnk160
_c202403182027
_dVLOAD
_c202309051554
_dmsvkpo26
_c202304231350
_dAUTHORITY
040 _aSNK
_bslo
_cSNK
_eAACR2
041 0 _aslo
044 _axo
_cSK
072 7 _a821.162.4-1
_xSlovenská poézia
_2konspekt
072 7 _a821-93
_xLiteratúra pre deti a mládež (beletria)
_2konspekt
080 _a003.23
_22011
080 _a82-93-053.2
_22011
080 _a821.162.4-1
_22011
080 _a82-1-053.2
_22011
100 1 _aĎuričová, Ivona,
_d1964-
_4aut
245 1 0 _aZvieratká z abecedy
_cIvona Ďuričová ; ilustroval Adrián Macho
250 _aPrvé vydanie
260 _aBratislava
_bIkar, a. s. - Stonožka
_c2017
300 _a59 s., [5] s. text. príl.
_bfareb. ilustr.
_c21 cm
500 _aObsahuje 5 s. hádaniek o zvieratkách
521 1 _aPre deti od 4 rokov
650 0 7 _aabeceda
_2SNKPH
650 0 7 _aAlphabet
_2SNKPHeng
655 7 _aslovenská poézia
_2SNKPH
655 7 _apoézia pre deti
_2SNKPH
655 7 _aliteratúra pre deti
_2SNKPH
655 7 _aSlovak poetry
_2SNKPHeng
655 7 _aChildren's poetry
_2SNKPHeng
655 7 _aChildren's literature
_2SNKPHeng
700 1 _aMacho, Adrián,
_d1982-
_4ill
787 0 8 _iZo série:
_tZábava s abecedou
_g1
942 _2ddc
_cKLDE
_n0
949 _63869A14410
_abpksh821.162.4-1
_bbpksh71752
949 _6270001000558145
_asvkbbA 150199
_bsvkbbm 767175
949 _62889325820
_asavukPV 23960
_bsavuk2017/1772
949 _617A1254940
_asnkSC 173903
_bsnk2017/7799
_o668/17
_s6100:20170420
949 _617A1254941
_asnkSC 173903 D1
_bsnk2017/7801
_o668/17
949 _6273K0619866
_asvkpoA 235508
_bsvkpo616311
999 _c21245
_d21245